Public library finance and accountancy / (Record no. 122693)
[ view plain ]
| 000 -LEADER | |
|---|---|
| fixed length control field | 00694nam a22002297a 4500 |
| 005 - DATE AND TIME OF LATEST TRANSACTION | |
| control field | 20170124105914.0 |
| 010 ## - LIBRARY OF CONGRESS CONTROL NUMBER | |
| LC control number | 696309 |
| 020 ## - INTERNATIONAL STANDARD BOOK NUMBER | |
| Terms of availability | 00.00 |
| 035 ## - SYSTEM CONTROL NUMBER | |
| System control number | 696309 |
| 037 ## - SOURCE OF ACQUISITION | |
| Source of stock number/acquisition | Cen Lib/Ret |
| 040 ## - CATALOGING SOURCE | |
| Original cataloging agency | DPL |
| Language of cataloging | EN |
| 082 ## - DEWEY DECIMAL CLASSIFICATION NUMBER | |
| Classification number | 027.4 |
| Item number | COR |
| 100 ## - MAIN ENTRY--PERSONAL NAME | |
| Personal name | Corbett,vEdmund V. |
| 9 (RLIN) | 105182 |
| 245 ## - TITLE STATEMENT | |
| Title | Public library finance and accountancy / |
| Statement of responsibility, etc | by Edmund V. Corbett |
| 260 ## - PUBLICATION, DISTRIBUTION, ETC. (IMPRINT) | |
| Place of publication, distribution, etc | London |
| Name of publisher, distributor, etc | The Library Association |
| Date of publication, distribution, etc | 1962 |
| 270 ## - ADDRESS | |
| Address | Chaucer House,Malet Place |
| City | London |
| 300 ## - PHYSICAL DESCRIPTION | |
| Extent | 212p. |
| Dimensions | 23cm(Hb) |
| 500 ## - GENERAL NOTE | |
| General note | Includes bibliographical reference and index |
| 650 ## - SUBJECT ADDED ENTRY--TOPICAL TERM | |
| Topical term or geographic name as entry element | Library Science |
| 9 (RLIN) | 105183 |
| 650 ## - SUBJECT ADDED ENTRY--TOPICAL TERM | |
| Topical term or geographic name as entry element | Public Library Finance |
| 9 (RLIN) | 1731 |
| 942 ## - ADDED ENTRY ELEMENTS (KOHA) | |
| Source of classification or shelving scheme | Dewey Decimal Classification |
| Koha item type | English Books |
| Classification part | 027.4 |
| Call number suffix | COR |
| Withdrawn status | Lost status | Damaged status | Not for loan | Collection code | Home library | Current library | Date acquired | Source of acquisition | Cost, normal purchase price | Total Checkouts | Full call number | Barcode | Date last seen | Copy number | Cost, replacement price | Price effective from | Koha item type |
|---|---|---|---|---|---|---|---|---|---|---|---|---|---|---|---|---|---|
| Not For Loan | Reference | Central Library | Central Library | 29/05/2015 | Cen Lib/Ret | 0.00 | 027.4 COR | 696309 | 29/05/2015 | 1 | 0.00 | 29/05/2015 | English Books |
